000
00232nam a2200097Ia 4500
008
120527s9999 xx 000 0 und d
100
_a
DOLCIAN,P.Mary.
245
_a
Modern algebra and trogonometry.
260
_b
Hougton
942
_c
BK
999
_c
24025
_d
24025